বাংলাদেশ অর্থনীতি (ফলিত অর্থনীতি সহ) / (Record no. 5214)
[ view plain ]
| 000 -LEADER | |
|---|---|
| fixed length control field | 00705nam a2200217 a 4500 |
| 001 - CONTROL NUMBER | |
| JCCL Control Number | 5214 |
| 003 - CONTROL NUMBER IDENTIFIER | |
| JCCL marc code | BD-JhCC |
| 005 - DATE AND TIME OF LATEST TRANSACTION | |
| control field | 20171210175616.0 |
| 008 - FIXED-LENGTH DATA ELEMENTS--GENERAL INFORMATION | |
| fixed length control field | 171210s1967 bg ||||| |||| 00| 0 ben d |
| 035 ## - SYSTEM CONTROL NUMBER | |
| system control number | (BD-JhCC)5214 |
| 040 ## - CATALOGING SOURCE | |
| Original cataloging agency | BD-JhCC |
| Modifying agency | BD-JhCC |
| 041 ## - LANGUAGE CODE | |
| Language code of Book | ben |
| 082 ## - DEWEY DECIMAL CLASSIFICATION NUMBER | |
| Classification number | 330.00 |
| Author mark and Year | RAH 1967 |
| 100 ## - MAIN ENTRY--PERSONAL NAME | |
| Personal name | রহমান, মোহাম্মদ আজিজুর |
| 245 ## - TITLE STATEMENT | |
| Title | বাংলাদেশ অর্থনীতি (ফলিত অর্থনীতি সহ) / |
| Statement of responsibility, etc | মোহাম্মদ আজিজুর রহমান |
| 260 ## - PUBLICATION, DISTRIBUTION, ETC. (IMPRINT) | |
| Place of publication, distribution, etc | ঢাকা : |
| Date of publication, distribution, etc | 1967. |
| 300 ## - PHYSICAL DESCRIPTION | |
| Pagination | 79 p. : |
| Dimensions | 21 cm |
| 650 ## - SUBJECT ADDED ENTRY--TOPICAL TERM | |
| Topical term or geographic name as entry element | Economic condition |
| Geographic subdivision | Bangladesh |
| 942 ## - ADDED ENTRY ELEMENTS (KOHA) | |
| Source of classification or shelving scheme | Dewey Decimal Classification |
| Koha item type | Books |
| Source of classification or shelving scheme | Damaged status | Not for loan | Home library | Current library | Shelving location | Date of accession | Total Checkouts | Full call number | Barcode | Date last seen | Copy number | Koha item type |
|---|---|---|---|---|---|---|---|---|---|---|---|---|
| Dewey Decimal Classification | JCC Rouf Library | JCC Rouf Library | General Stacks | 12/10/2017 | 330 RAH 1967 | 7077 | 12/10/2017 | C- 1 | Books |